002550000a220007300045001000019000002450084000193000045001037730033001481 aAndersen, Leif10aHeresey and church discipline : What are the limits of tolerance in the church? aVol. 10, Núm 1 (2001), Páginas 13-240 tEuropean Journal of Theology